Zoology by Letter - A - Statistics

General Stats
  • This quiz has been taken 321 times
  • The average score is 10 of 17
Answer Stats
Hint Answer % Correct
What zoology is the study of Animals
97%
Frogs, salamanders, etc. Amphibian
94%
Two mammals known for eating ants Anteater
89%
Biome of polar bears Arctic
89%
Rainforest containing 10% of all known species Amazon
88%
Spiders, scorpions, and so on Arachnid
87%
Insect sensory organ Antenna
65%
Fish that uses a lure to catch prey Anglerfish
61%
Animals with exoskeletons Arthropod
56%
Aardvark
54%
A helpful trait acquired through evolution Adaptation
38%
Birds are this type of dinosaur {Avian} dinosaur
36%
Scientific name for worms Annelid
31%
"Missing link" between birds and dinosaurs Archaeopteryx
29%
Extinct ancestor of modern cattle Aurochs
24%
Clade including reptiles, birds, and mammals Amniotes
13%
What flounders and fiddler crabs are Asymmetrical
4%
No matching quizzes found
Score Distribution
Percent of People with Each Score
Percentile by Number Answered
Your Score History
You have not taken this quiz